<?xml version="1.0" encoding="UTF-8"?>
<record
    xmlns:xsi="http://www.w3.org/2001/XMLSchema-instance"
    xsi:schemaLocation="http://www.loc.gov/MARC21/slim http://www.loc.gov/standards/marcxml/schema/MARC21slim.xsd"
    xmlns="http://www.loc.gov/MARC21/slim">

  <leader>00907nam a2200205Ia 4500</leader>
  <controlfield tag="008">121028r2011    mx a   f      000 0 spa d</controlfield>
  <datafield tag="020" ind1=" " ind2=" ">
    <subfield code="a">978-970-24-1021-8 970-24-1021-5</subfield>
  </datafield>
  <datafield tag="050" ind1=" " ind2=" ">
    <subfield code="a">HF5651 M67 2006</subfield>
  </datafield>
  <datafield tag="100" ind1="1" ind2="0">
    <subfield code="a">MORENO Fern&#xE1;ndez, Joaqu&#xED;n</subfield>
  </datafield>
  <datafield tag="245" ind1="1" ind2="0">
    <subfield code="a">Contabiblidad intermedia I</subfield>
    <subfield code="b"> los activos y pasivos circulantes /</subfield>
    <subfield code="c">Joaqu&#xED;n Moreno Fern&#xE1;ndez</subfield>
  </datafield>
  <datafield tag="250" ind1=" " ind2=" ">
    <subfield code="a">2a ed.</subfield>
  </datafield>
  <datafield tag="260" ind1=" " ind2=" ">
    <subfield code="a">M&#xE9;xico :</subfield>
    <subfield code="b"> Patria</subfield>
    <subfield code="c">2011</subfield>
  </datafield>
  <datafield tag="300" ind1="I" ind2=" ">
    <subfield code="a">xviii, 234 p</subfield>
    <subfield code="b">il</subfield>
    <subfield code="c">24 cm</subfield>
  </datafield>
  <datafield tag="440" ind1=" " ind2=" ">
    <subfield code="a">Contabilidad Finaciera 2</subfield>
  </datafield>
  <datafield tag="500" ind1=" " ind2=" ">
    <subfield code="a">Incluye &#xED;ndice anal&#xED;tico</subfield>
  </datafield>
  <datafield tag="505" ind1=" " ind2=" ">
    <subfield code="a">Tomo 1.-- Introducci&#xF3;n .--I. S&#xCD;NTESIS DEL PRIMER CURSO.--  2. Normas de informaci&#xF3;n financiera.-- 3. Contabilidad de activos y del pasivo circulante.-- 4. El activo circulante.-- 5. Efectivo en caja y bancos.-- 6. Inversiones temporales de inmediata realizaci&#xF3;n.--</subfield>
  </datafield>
  <datafield tag="650" ind1="1" ind2="0">
    <subfield code="a">Contabilidad</subfield>
  </datafield>
  <datafield tag="650" ind1="2" ind2="0">
    <subfield code="a">Contabilidad Financiera</subfield>
  </datafield>
  <datafield tag="942" ind1=" " ind2=" ">
    <subfield code="2">ddc</subfield>
    <subfield code="c">LB</subfield>
  </datafield>
  <datafield tag="952" ind1=" " ind2=" ">
    <subfield code="0">0</subfield>
    <subfield code="1">0</subfield>
    <subfield code="4">0</subfield>
    <subfield code="7">0</subfield>
    <subfield code="a">14</subfield>
    <subfield code="b">14</subfield>
    <subfield code="d">2012-06-01</subfield>
    <subfield code="l">5</subfield>
    <subfield code="m">1</subfield>
    <subfield code="o">HF5651 M67 2006</subfield>
    <subfield code="p">14 004423</subfield>
    <subfield code="r">2017-09-07</subfield>
    <subfield code="s">2017-08-24</subfield>
    <subfield code="t">1</subfield>
    <subfield code="w">2012-10-28</subfield>
    <subfield code="y">LB</subfield>
  </datafield>
  <datafield tag="999" ind1=" " ind2=" ">
    <subfield code="c">86155</subfield>
    <subfield code="d">86155</subfield>
  </datafield>
</record>
